[Event "Weekend Accademia A Inverno"]
[Site "Roma ITA"]
[Date "2007.02.02"]
[Round "1"]
[White "Di Lascio, Savino"]
[Black "Prudenzano, Ruggero"]
[Result "1-0"]
[WhiteElo "2041"]
[BlackElo "1820"]
[PlyCount "90"]
[EventDate "2007.02.02"]

1. Nf3 d5 2. g3 Nf6 3. Bg2 c6 4. d3 Bg4 5. Nbd2 Nbd7 6. O-O e6 7. c3 Bd6 8. b4
O-O 9. Bb2 Qc7 10. a3 a5 11. Qb3 a4 12. Qa2 b5 13. c4 dxc4 14. dxc4 Rac8 15.
cxb5 cxb5 16. Rac1 Qb8 17. Qa1 Rxc1 18. Rxc1 Rc8 19. h3 Bh5 20. g4 Bg6 21. Nd4
Rxc1+ 22. Qxc1 e5 23. Nc6 Qb6 24. Nxe5 Nxe5 25. Bxe5 Ne8 26. Qc8 f6 27. Bd5+
Kf8 28. Bb2 Bc7 29. Nf3 Qd6 30. Qb7 Bb6 31. Bd4 Bxd4 32. Nxd4 Nc7 33. Qxc7 Qxd5
34. Qc5+ Qxc5 35. bxc5 b4 36. axb4 a3 37. Kf1 a2 38. Nb3 Bc2 39. Na1 Ba4 40.
Ke1 Ke7 41. Kd2 Kd7 42. Kc3 Kc6 43. e4 g5 44. Kb2 Kb5 45. Ka3 h6 1-0

[Event "Weekend Accademia A Inverno"]
[Site "Roma ITA"]
[Date "2007.02.02"]
[Round "1"]
[White "Elia, Alessio"]
[Black "Verrascina, Nicola"]
[Result "0-1"]
[WhiteElo "1713"]
[BlackElo "1993"]
[PlyCount "70"]
[EventDate "2007.02.02"]

1. d4 f5 2. Nf3 e6 3. g3 Nf6 4. Bg2 d5 5. O-O Bd6 6. c4 c6 7. b3 Qe7 8. Bb2
Nbd7 9. Nbd2 O-O 10. Qc2 Ne4 11. Ne5 Nxe5 12. dxe5 Bc7 13. Rac1 Bd7 14. e3 Be8
15. f3 Nxd2 16. Qxd2 Rd8 17. Qc2 g5 18. e4 fxe4 19. fxe4 Rxf1+ 20. Rxf1 d4 21.
c5 Bxe5 22. Qc4 Bh5 23. Bh3 g4 24. Bg2 Bg7 25. Rd1 Bf7 26. Qc1 e5 27. Rd3 Bf6
28. Qd1 Be6 29. b4 Bg5 30. Bc1 Rf8 31. a3 Bc4 32. Bxg5 Qxg5 33. Rd2 Qe3+ 34.
Kh1 h5 35. Rc2 Bb3 0-1

[Event "Weekend Accademia A Inverno"]
[Site "Roma ITA"]
[Date "2007.02.02"]
[Round "1"]
[White "Failli, Riccardo"]
[Black "Tosoni, Augusto"]
[Result "0-1"]
[WhiteElo "1943"]
[BlackElo "2235"]
[PlyCount "116"]
[EventDate "2007.02.02"]

1. e4 e6 2. d4 d5 3. e5 c5 4. c3 Nc6 5. Nf3 Qb6 6. a3 c4 7. Nbd2 Na5 8. Be2 Bd7
9. O-O O-O-O 10. Ng5 Nh6 11. f4 Be7 12. Qe1 f6 13. Ngf3 Ng4 14. Bd1 fxe5 15.
fxe5 Rdf8 16. h3 Nh6 17. Rb1 Qd8 18. b3 cxb3 19. Nxb3 Nxb3 20. Bxb3 Nf5 21. c4
Bc6 22. Qc3 Kb8 23. c5 Rf7 24. Rf2 Nh4 25. Bd1 Rhf8 26. Rfb2 Nxf3+ 27. Bxf3 Bg5
28. Rb3 Ka8 29. Bg4 Rf1+ 30. Kh2 Bxc1 31. Rxc1 Qg5 32. Rxf1 Rxf1 33. Qe3 Qe7
34. Qd3 Qf7 35. Qe3 h6 36. Rd3 a6 37. Rd1 Rxd1 38. Bxd1 Ka7 39. Bg4 Bd7 40. Qf3
Qxf3 41. gxf3 b6 42. c6 Bc8 43. Bh5 b5 44. Kg2 a5 45. Kf2 b4 46. axb4 a4 47.
Bg6 a3 48. Bb1 Ba6 49. f4 g6 50. h4 h5 51. Ke3 Bc4 52. f5 gxf5 53. Kf4 Kb6 54.
Kg5 f4 55. Kxf4 Kxc6 56. Kg5 Be2 57. Kf6 Bg4 58. Ba2 Kb5 0-1

[Event "Weekend Accademia A Inverno"]
[Site "Roma ITA"]
[Date "2007.02.02"]
[Round "1"]
[White "Lattanzi, Domenico"]
[Black "De Carolis, Massimo"]
[Result "0-1"]
[WhiteElo "1794"]
[BlackElo "2015"]
[PlyCount "78"]
[EventDate "2007.02.02"]

1. e4 c5 2. Nf3 d6 3. d4 cxd4 4. Nxd4 Nf6 5. Nc3 a6 6. Be2 e6 7. Be3 Be7 8. Qd2
b5 9. a3 Bb7 10. Bf3 Qc7 11. O-O-O Nbd7 12. h4 Nc5 13. Nb3 Nxb3+ 14. cxb3 Nxe4
15. Bxe4 Bxe4 16. Qd4 Bb7 17. Qxg7 Rf8 18. Qxh7 O-O-O 19. Kb1 Kb8 20. f3 Bf6
21. Rc1 Rh8 22. Qd3 Qe7 23. Bb6 Rc8 24. Ne4 Bxe4 25. Qxe4 d5 26. Qf4+ Kb7 27.
Qe3 Rxh4 28. Ba5 Bd4 29. Qd3 Rxh1 30. Rxh1 Qf6 31. a4 bxa4 32. bxa4 Ka7 33. Qb3
Rb8 34. Bb4 a5 35. Qc2 Rxb4 36. Qc7+ Rb7 37. Qxa5+ Kb8 38. b4 Qg6+ 39. Kc1 Rc7+
0-1

[Event "Weekend Accademia A Inverno"]
[Site "Roma ITA"]
[Date "2007.02.02"]
[Round "1"]
[White "Lisi, Davide"]
[Black "Quimi, Marco"]
[Result "0-1"]
[WhiteElo "1951"]
[BlackElo "2289"]
[PlyCount "64"]
[EventDate "2007.02.02"]

1. Nf3 d5 2. g3 Nf6 3. Bg2 Bf5 4. d4 Nbd7 5. Nbd2 h6 6. c4 c6 7. O-O e6 8. a3
Be7 9. Re1 O-O 10. h3 Re8 11. b3 Bh7 12. Bb2 a5 13. Rc1 Qb8 14. Ne5 Nxe5 15.
dxe5 Nd7 16. f4 Rd8 17. cxd5 cxd5 18. Nf3 Bc5+ 19. Kh2 Qa7 20. Nd4 Qb6 21. e3
Rac8 22. Bf1 Bf8 23. Nb5 Bc5 24. Bd4 Bxd4 25. Qxd4 Rc5 26. b4 Rxb5 27. Bxb5
Qxb5 28. Rc7 Be4 29. Qd2 axb4 30. axb4 Nb6 31. Ra1 Nc4 32. Qc2 Qb6 0-1

[Event "Weekend Accademia A Inverno"]
[Site "Roma ITA"]
[Date "2007.02.02"]
[Round "1"]
[White "Maddaloni, Giovanni"]
[Black "Occhipinti, Massimo"]
[Result "0-1"]
[WhiteElo "1819"]
[BlackElo "2030"]
[PlyCount "72"]
[EventDate "2007.02.02"]

1. e4 c5 2. Nf3 a6 3. d3 d6 4. Nc3 Nf6 5. Be2 e6 6. O-O Be7 7. a4 O-O 8. Re1
Nc6 9. Bd2 Bd7 10. Bf1 Qc7 11. a5 b5 12. h3 b4 13. Nb1 Nxa5 14. c3 Nc6 15. d4
cxd4 16. cxb4 Qb6 17. Qb3 d5 18. exd5 Nxd5 19. Ne5 Nxe5 20. Rxe5 Bd6 21. Rg5
Nxb4 22. Na3 Nd5 23. Qd3 Qxb2 24. Nc4 Qxa1 25. Nxd6 Bb5 26. Rxg7+ Kxg7 27. Qg3+
Kh8 28. Bh6 d3 29. Bd2 Qg7 30. Qf3 f5 31. Nxb5 axb5 32. Bxd3 Ra1+ 33. Bf1 Rfa8
34. Qd3 Rxf1+ 35. Kxf1 Ra1+ 36. Be1 Qc3 0-1

[Event "Weekend Accademia A Inverno"]
[Site "Roma ITA"]
[Date "2007.02.02"]
[Round "1"]
[White "Parpinel, Marco"]
[Black "Proietti, Giorgio"]
[Result "1-0"]
[WhiteElo "2097"]
[BlackElo "1881"]
[PlyCount "73"]
[EventDate "2007.02.02"]

1. e4 e6 2. Nf3 d5 3. e5 c5 4. b4 cxb4 5. d4 Nc6 6. a3 Qc7 7. axb4 Bxb4+ 8. c3
Be7 9. Bd3 f6 10. Bf4 f5 11. h4 Bd7 12. g4 fxg4 13. Ng5 Nh6 14. Nxh7 O-O-O 15.
Bxh6 gxh6 16. Qxg4 Rhg8 17. Qf4 h5 18. Nd2 Rg4 19. Qf7 Nxe5 20. dxe5 Qxe5+ 21.
Kd1 Bxh4 22. Nf3 Qf4 23. Qxf4 Rxf4 24. Nxh4 Rxf2 25. Rf1 Rxf1+ 26. Bxf1 a6 27.
Be2 Rg8 28. Kd2 e5 29. Nf6 Rh8 30. Nxd5 Bg4 31. Ng6 Rd8 32. Nge7+ Kb8 33. Bxg4
hxg4 34. Rg1 Rh8 35. Rxg4 Rf8 36. Ke3 b5 37. Rg7 1-0

[Event "Weekend Accademia A Inverno"]
[Site "Roma ITA"]
[Date "2007.02.02"]
[Round "1"]
[White "Proia, Gaetano"]
[Black "Bove, Alessandro"]
[Result "0-1"]
[WhiteElo "1871"]
[BlackElo "2087"]
[PlyCount "120"]
[EventDate "2007.02.02"]

1. e4 c5 2. Nf3 e6 3. d4 cxd4 4. Nxd4 a6 5. Nc3 Qc7 6. g3 b5 7. Bg2 Bb7 8. O-O
Nf6 9. a3 d6 10. Be3 Nbd7 11. f4 Rc8 12. f5 e5 13. Nb3 Nc5 14. Nxc5 dxc5 15.
Bg5 c4 16. Bxf6 Qb6+ 17. Kh1 Qxf6 18. Nd5 Bxd5 19. Qxd5 Rd8 20. Qb7 Bc5 21.
Rfd1 O-O 22. Rd5 Rxd5 23. Qxd5 Bd4 24. c3 Rd8 25. Qb7 Bc5 26. Bf3 Qh6 27. Rf1
Rd2 28. Bg2 Rxb2 29. f6 Qd2 30. Qc8+ Bf8 31. Qh3 gxf6 32. Rxf6 Qe2 33. Rf1 h6
34. Bf3 Qd2 35. Bh5 Kh8 36. Bxf7 Qc2 37. Bg6 Rb1 38. Qf5 Rxf1+ 39. Qxf1 Bg7 40.
Qf7 Qc1+ 41. Kg2 Qxa3 42. Bf5 Qd6 43. Qe8+ Bf8 44. Qf7 Qe7 45. Qg6 a5 46. Qc6
b4 47. Qxc4 bxc3 48. Qxc3 a4 49. Qc6 a3 50. Qa6 Qg5 51. Qa7 Qg8 52. Qa6 a2 53.
Qf6+ Qg7 54. Qa6 Qf7 55. g4 Kg7 56. Kf3 Bc5 57. Ke2 Bd4 58. Be6 Qf2+ 59. Kd3
Qe3+ 60. Kc4 Qc3+ 0-1

[Event "Weekend Accademia A Inverno"]
[Site "Roma ITA"]
[Date "2007.02.02"]
[Round "1"]
[White "Ruotolo, Claudio"]
[Black "Vignato, Giovanni"]
[Result "1/2-1/2"]
[WhiteElo "1837"]
[BlackElo "2071"]
[PlyCount "38"]
[EventDate "2007.02.02"]

1. c4 e6 2. g3 d5 3. Bg2 Nf6 4. Nf3 c6 5. O-O dxc4 6. Qc2 b5 7. a4 Qb6 8. b3
cxb3 9. Qxb3 Bb7 10. d4 a5 11. Nbd2 Nbd7 12. e3 Be7 13. Rb1 O-O 14. Nc4 Qc7 15.
Bd2 Ba6 16. axb5 cxb5 17. Nce5 Rac8 18. Rfc1 Qb6 19. Nc4 bxc4 1/2-1/2

[Event "Weekend Accademia A Inverno"]
[Site "Roma ITA"]
[Date "2007.02.02"]
[Round "1"]
[White "Sautto, Daniele"]
[Black "Foschini, Andrea"]
[Result "1-0"]
[WhiteElo "2157"]
[BlackElo "1926"]
[PlyCount "57"]
[EventDate "2007.02.02"]

1. e4 c5 2. c3 d5 3. exd5 Qxd5 4. d4 Nc6 5. Nf3 Nf6 6. Be2 e6 7. O-O Be7 8. Be3
cxd4 9. Nxd4 e5 10. c4 Qa5 11. Nb3 Qc7 12. Nc3 Be6 13. Nc5 O-O 14. Nxe6 fxe6
15. Bg4 Nxg4 16. Qxg4 Rf6 17. Qe4 Nd4 18. Rad1 Bc5 19. Nb5 Nxb5 20. Bxc5 Nc3
21. bxc3 Qxc5 22. Qxb7 Raf8 23. Rd7 R6f7 24. Rxf7 Rxf7 25. Qb5 Rc7 26. Qe8+ Qf8
27. Qxe6+ Qf7 28. Qxe5 Qxc4 29. Qe8# 1-0

[Event "Weekend Accademia A Inverno"]
[Site "Roma ITA"]
[Date "2007.02.02"]
[Round "1"]
[White "Taglialatela, Massimiliano"]
[Black "Casale, Anania"]
[Result "1-0"]
[WhiteElo "2011"]
[BlackElo "1724"]
[PlyCount "79"]
[EventDate "2007.02.02"]

1. e4 c6 2. d4 d5 3. Nd2 dxe4 4. Nxe4 Nd7 5. Nf3 Ndf6 6. Ng3 e6 7. Bd3 Bd6 8.
Qe2 Ne7 9. c3 h6 10. Ne5 O-O 11. O-O Qc7 12. Nh5 Nxh5 13. Qxh5 Nf5 14. Re1 Bd7
15. g4 Bxe5 16. dxe5 Ne7 17. Bxh6 f5 18. exf6 Rxf6 19. Bg5 g6 20. Qh4 Rf7 21.
Bxe7 Rh7 22. Qg3 Qxg3+ 23. fxg3 Rxe7 24. Bxg6 e5 25. Re4 Rf8 26. Rf1 c5 27.
Rxf8+ Kxf8 28. Bf5 Bc6 29. Re2 e4 30. Kf2 Kg7 31. Ke3 Re8 32. h4 Kf6 33. Kf4
Rd8 34. Bxe4 Bxe4 35. Kxe4 c4 36. g5+ Kg6 37. g4 Rd3 38. Kf4 a5 39. Re7 b5 40.
h5# 1-0

[Event "Weekend Accademia A Inverno"]
[Site "Roma ITA"]
[Date "2007.02.02"]
[Round "1"]
[White "Tomescu, Vlad"]
[Black "Carola, Paolo"]
[Result "1-0"]
[WhiteElo "2415"]
[BlackElo "1962"]
[PlyCount "45"]
[EventDate "2007.02.02"]

1. d4 d5 2. c4 c6 3. Nc3 dxc4 4. Nf3 b5 5. a4 b4 6. Nb1 Nf6 7. e3 e6 8. Bxc4
Ba6 9. Bxa6 Nxa6 10. Qe2 Qa5 11. Nbd2 Nc7 12. e4 Be7 13. Nc4 Qa6 14. Bf4 O-O-O
15. Rc1 Nd7 16. Bxc7 Kxc7 17. Nce5 Qxe2+ 18. Kxe2 Nxe5 19. Nxe5 Rxd4 20. Nxc6
Rd6 21. Nxe7+ Kd7 22. Rhd1 Kxe7 23. Rc7+ 1-0

[Event "Weekend Accademia A Inverno"]
[Site "Roma ITA"]
[Date "2007.02.03"]
[Round "2"]
[White "Bove, Alessandro"]
[Black "Taglialatela, Massimiliano"]
[Result "1-0"]
[WhiteElo "2087"]
[BlackElo "2011"]
[PlyCount "55"]
[EventDate "2007.02.02"]

1. c4 e6 2. Nc3 d5 3. d4 Nf6 4. Nf3 Be7 5. Bf4 c5 6. dxc5 Bxc5 7. e3 Nc6 8. a3
Nh5 9. cxd5 Nxf4 10. dxc6 Nd5 11. Nxd5 Qxd5 12. Qxd5 exd5 13. b4 Bb6 14. cxb7
Bxb7 15. Bb5+ Ke7 16. Nd4 Rhd8 17. Kd2 Rac8 18. Rhc1 g6 19. Bd3 f5 20. g3 Kd6
21. a4 Rxc1 22. Rxc1 a6 23. a5 Bc7 24. Bxa6 Bxa6 25. Rc6+ Kd7 26. Rxa6 Rb8 27.
b5 Be5 28. Nc6 1-0

[Event "Weekend Accademia A Inverno"]
[Site "Roma ITA"]
[Date "2007.02.03"]
[Round "2"]
[White "Carola, Paolo"]
[Black "Maddaloni, Giovanni"]
[Result "1/2-1/2"]
[WhiteElo "1962"]
[BlackElo "1819"]
[PlyCount "27"]
[EventDate "2007.02.02"]

1. e4 Nc6 2. Nf3 d6 3. d4 g6 4. d5 Nb8 5. Be3 e5 6. Bb5+ Bd7 7. Qd3 Bg7 8. Nc3
a6 9. Bxd7+ Nxd7 10. a4 b5 11. O-O Ngf6 12. b3 O-O 13. Bc1 Ne8 14. Re1 1/2-1/2

[Event "Weekend Accademia A Inverno"]
[Site "Roma ITA"]
[Date "2007.02.03"]
[Round "2"]
[White "De Carolis, Massimo"]
[Black "Sautto, Daniele"]
[Result "0-1"]
[WhiteElo "2015"]
[BlackElo "2157"]
[PlyCount "84"]
[EventDate "2007.02.02"]

1. e4 d5 2. exd5 Qxd5 3. Nc3 Qd6 4. Nf3 Nf6 5. d4 a6 6. h3 b5 7. a3 Bb7 8. Be2
Nc6 9. O-O h6 10. Be3 O-O-O 11. Qd2 g5 12. Rfd1 e6 13. Bd3 Kb8 14. Ne4 Nxe4 15.
Bxe4 f5 16. Bxc6 Qxc6 17. Qe2 f4 18. d5 exd5 19. Bd4 Rh7 20. Ne5 Qe8 21. Qd3
Re7 22. Ng6 Re4 23. Nxf8 Qxf8 24. f3 Re6 25. Re1 Rde8 26. Rxe6 Rxe6 27. b4 h5
28. Kf2 Qe8 29. Rd1 g4 30. hxg4 hxg4 31. fxg4 Re4 32. Rh1 Qg6 33. Qd1 Bc8 34.
Rh8 Kb7 35. c3 Bxg4 36. Qb3 Re2+ 37. Kg1 Qe4 38. Bf2 f3 39. Re8 Be6 40. Re7
Rxf2 41. Kxf2 Qe2+ 42. Kg1 f2+ 0-1

[Event "Weekend Accademia A Inverno"]
[Site "Roma ITA"]
[Date "2007.02.03"]
[Round "2"]
[White "Foschini, Andrea"]
[Black "Lattanzi, Domenico"]
[Result "1-0"]
[WhiteElo "1926"]
[BlackElo "1794"]
[PlyCount "55"]
[EventDate "2007.02.02"]

1. e4 c5 2. Nf3 d6 3. d4 cxd4 4. Nxd4 Nf6 5. Nc3 a6 6. Bg5 e6 7. Qd2 Be7 8. f3
Nc6 9. O-O-O d5 10. exd5 Nxd5 11. Nxd5 Bxg5 12. f4 Nxd4 13. Qxd4 exd5 14. Qe5+
Be7 15. Rxd5 Bd7 16. Be2 Qb8 17. Qd4 Be6 18. Re5 Qd6 19. Qa4+ Bd7 20. Qe4 Bc6
21. Qe3 Rc8 22. Rd1 Qc7 23. Bg4 Ba4 24. Rd2 f6 25. Bd7+ Bxd7 26. Rxe7+ Kf8 27.
c3 b5 28. Qe6 1-0

[Event "Weekend Accademia A Inverno"]
[Site "Roma ITA"]
[Date "2007.02.03"]
[Round "2"]
[White "Gatta, Flavio"]
[Black "Lisi, Davide"]
[Result "0-1"]
[WhiteElo "1837"]
[BlackElo "1951"]
[PlyCount "64"]
[EventDate "2007.02.02"]

1. e4 c5 2. Nf3 Nc6 3. d4 cxd4 4. Nxd4 Nf6 5. Nc3 e5 6. Ndb5 d6 7. Na3 Be6 8.
Nc4 h6 9. Be2 Be7 10. O-O O-O 11. Kh1 d5 12. exd5 Nxd5 13. Nxd5 Bxd5 14. c3 Bc5
15. Be3 Be7 16. Qe1 Qc7 17. Rd1 Rad8 18. b3 b6 19. f4 Bf6 20. f5 Ne7 21. Bd3
Qb7 22. Qg3 Bh4 23. Qg4 h5 24. Qxh4 Bxg2+ 25. Kg1 Bxf1 26. Kxf1 Nxf5 27. Qxh5
Nxe3+ 28. Nxe3 g6 29. Qg4 Qh1+ 30. Qg1 Qf3+ 31. Qf2 Qh3+ 32. Qg2 Qxe3 0-1

[Event "Weekend Accademia A Inverno"]
[Site "Roma ITA"]
[Date "2007.02.03"]
[Round "2"]
[White "Giorni, Moreno"]
[Black "Ruotolo, Claudio"]
[Result "1-0"]
[WhiteElo "1946"]
[BlackElo "1837"]
[PlyCount "109"]
[EventDate "2007.02.02"]

1. d4 d6 2. c4 Nf6 3. Nc3 Nbd7 4. e4 e5 5. d5 Be7 6. Nf3 c6 7. Be2 O-O 8. O-O
a5 9. b3 Ne8 10. Be3 g6 11. Ne1 Ng7 12. a3 f5 13. f3 Nf6 14. Nd3 f4 15. Bf2 Bd7
16. b4 axb4 17. axb4 Rxa1 18. Qxa1 cxd5 19. cxd5 Qa8 20. Qb2 b5 21. Ra1 Qb7 22.
Ra7 Qb8 23. Qa1 Rc8 24. Nc1 Bd8 25. Ra6 Qc7 26. Ra3 g5 27. Kf1 h5 28. Ke1 g4
29. Kd2 h4 30. Ra7 Qb8 31. Qa6 Ngh5 32. Rb7 Qa8 33. Qxa8 Rxa8 34. Bxb5 Bxb5 35.
Nxb5 Nxe4+ 36. fxe4 Bg5 37. Kc2 f3 38. gxf3 g3 39. Bxg3 Nxg3 40. Nxd6 Bxc1 41.
Kxc1 Ra1+ 42. Kb2 Rh1 43. Nf5 Rxh2+ 44. Kb3 Nxf5 45. exf5 Rd2 46. Kc4 h3 47.
Ra7 h2 48. Ra1 Kf7 49. Ra7+ Kf6 50. Rh7 Kg5 51. Kc5 Kxf5 52. Kc6 Kg6 53. Rh3
Rc2+ 54. Kd7 Kf6 55. b5 1-0

[Event "Weekend Accademia A Inverno"]
[Site "Roma ITA"]
[Date "2007.02.03"]
[Round "2"]
[White "Iacoacci, Giancarlo"]
[Black "Castellano, Lorenzo"]
[Result "1/2-1/2"]
[WhiteElo "1796"]
[BlackElo "1886"]
[PlyCount "88"]
[EventDate "2007.02.02"]

1. d4 Nf6 2. Nf3 d6 3. Nc3 g6 4. e4 Bg7 5. Be3 O-O 6. Qd2 c6 7. Bh6 b5 8. a3
Bb7 9. Bxg7 Kxg7 10. Bd3 Nbd7 11. h4 h5 12. Rh3 a5 13. Nh2 b4 14. Ne2 c5 15. c3
cxd4 16. cxd4 Nxe4 17. Bxe4 Bxe4 18. g4 Nf6 19. Rg3 hxg4 20. Nxg4 Nxg4 21. Rxg4
Bf5 22. Rg3 Rh8 23. Qf4 Rh5 24. Kd2 Rc8 25. d5 Rc2+ 26. Ke1 Rc5 27. axb4 axb4
28. Qxb4 Qc8 29. Qd4+ Kh7 30. Ra7 Rc4 31. Qe3 Re4 32. Qd2 Rhxh4 33. Kf1 Rh1+
34. Kg2 Reh4 35. Ng1 Be4+ 36. Kf1 Qc4+ 37. Ke1 Bxd5 38. Rxe7 Re4+ 39. Rxe4
Qxe4+ 40. Kd1 Qb1+ 41. Qc1 Qxc1+ 42. Kxc1 Kg7 43. Kd2 Kf6 44. Kc3 Rh4 1/2-1/2

[Event "Weekend Accademia A Inverno"]
[Site "Roma ITA"]
[Date "2007.02.03"]
[Round "2"]
[White "Occhipinti, Massimo"]
[Black "Tomescu, Vlad"]
[Result "0-1"]
[WhiteElo "2030"]
[BlackElo "2415"]
[PlyCount "92"]
[EventDate "2007.02.02"]

1. Nf3 Nc6 2. g3 e5 3. d3 Nf6 4. Bg2 Bc5 5. e4 d6 6. c3 O-O 7. O-O a6 8. Be3 h6
9. d4 Ba7 10. Nbd2 Ng4 11. h3 Nxe3 12. fxe3 Qe7 13. Kh2 Bd7 14. Nh4 g6 15. b4
Nd8 16. Qb3 Ne6 17. Ndf3 Kg7 18. Rf2 Ng5 19. Nxg5 hxg5 20. Nf3 Be6 21. d5 Bd7
22. c4 Rh8 23. Raf1 Raf8 24. Qc3 g4 25. Nh4 Rxh4 26. gxh4 Qxh4 27. Rf4 f6 28.
c5 exf4 29. exf4 g3+ 30. Qxg3 Qxg3+ 31. Kxg3 dxc5 32. Rc1 Re8 33. bxc5 c6 34.
Rc3 g5 35. h4 gxf4+ 36. Kxf4 Bb8+ 37. d6 Re5 38. Rb3 b5 39. cxb6 Bxd6 40. b7
Rg5+ 41. Kf3 Rg3+ 42. Kf2 Rxb3 43. axb3 a5 44. Ke3 Be6 45. e5 Bxe5 46. Bxc6
Bxb3 0-1

[Event "Weekend Accademia A Inverno"]
[Site "Roma ITA"]
[Date "2007.02.03"]
[Round "2"]
[White "Proietti, Giorgio"]
[Black "Elia, Alessio"]
[Result "0-1"]
[WhiteElo "1881"]
[BlackElo "1713"]
[PlyCount "76"]
[EventDate "2007.02.02"]

1. d4 d6 2. c4 g6 3. Nc3 Bg7 4. e4 Nc6 5. Nf3 e5 6. d5 Nce7 7. Be2 f5 8. Ng5
Nf6 9. f3 O-O 10. Be3 a5 11. O-O c6 12. Qd2 Qc7 13. Rfd1 Rd8 14. Na4 c5 15. Nc3
Ne8 16. Ne6 Bxe6 17. dxe6 Qc8 18. Nd5 Qxe6 19. Bg5 Bf6 20. Bxf6 Nxf6 21. Nc7
Qc8 22. Nxa8 Qxa8 23. Qg5 Kg7 24. exf5 Nxf5 25. Bd3 h6 26. Qd2 Nd4 27. Be4 d5
28. Bxd5 Nxd5 29. cxd5 Rxd5 30. Qf2 b5 31. Rac1 c4 32. f4 Qe8 33. fxe5 Qxe5 34.
Re1 Qd6 35. Qe3 Nf5 36. Qa7+ Kf6 37. Qa8 Qc5+ 38. Kh1 Ng3+ 0-1

[Event "Weekend Accademia A Inverno"]
[Site "Roma ITA"]
[Date "2007.02.03"]
[Round "2"]
[White "Prudenzano, Ruggero"]
[Black "Failli, Riccardo"]
[Result "0-1"]
[WhiteElo "1820"]
[BlackElo "1943"]
[PlyCount "60"]
[EventDate "2007.02.02"]

1. d4 f5 2. g3 Nf6 3. Bg2 g6 4. c4 Bg7 5. Nh3 O-O 6. O-O c6 7. Qb3 h6 8. Nf4
Qe8 9. d5 g5 10. Nd3 e5 11. dxe6 dxe6 12. f4 Qh5 13. Nc3 Nbd7 14. e4 Ng4 15. h3
Bd4+ 16. Kh1 e5 17. exf5 gxf4 18. gxf4 Nc5 19. Nxc5 Bxc5 20. Ne4 Bd4 21. Qg3
Bxf5 22. Nf2 Bxf2 23. Rxf2 Kh7 24. Re2 Rad8 25. Bd2 Rd3 26. Be3 e4 27. Kg1 Nxe3
28. Rxe3 Rg8 29. Rxd3 exd3 30. Qe3 Qg6 0-1

[Event "Weekend Accademia A Inverno"]
[Site "Roma ITA"]
[Date "2007.02.03"]
[Round "2"]
[White "Quimi, Marco"]
[Black "Buratti, Marco"]
[Result "1-0"]
[WhiteElo "2289"]
[BlackElo "2073"]
[PlyCount "39"]
[EventDate "2007.02.02"]

1. e4 e5 2. Nf3 Nc6 3. Bb5 Bc5 4. O-O Qf6 5. c3 Nge7 6. d4 exd4 7. Bg5 Qg6 8.
Bxe7 Nxe7 9. cxd4 Bb6 10. a4 a6 11. Bd3 O-O 12. a5 Ba7 13. e5 Qh5 14. Re1 Nd5
15. Re4 g5 16. Nc3 Nf4 17. Bf1 d5 18. Rxf4 gxf4 19. Nxd5 Bg4 20. Nf6+ 1-0

[Event "Weekend Accademia A Inverno"]
[Site "Roma ITA"]
[Date "2007.02.03"]
[Round "2"]
[White "Tosoni, Augusto"]
[Black "Di Lascio, Savino"]
[Result "1-0"]
[WhiteElo "2235"]
[BlackElo "2041"]
[PlyCount "87"]
[EventDate "2007.02.02"]

1. e4 c6 2. d4 d5 3. Nc3 dxe4 4. Nxe4 Nf6 5. Nxf6+ gxf6 6. c3 Bf5 7. Nf3 e6 8.
Bf4 h5 9. Be2 h4 10. Qd2 Nd7 11. O-O Nb6 12. c4 Bg7 13. Rfe1 Qd7 14. a4 Rd8 15.
a5 Na8 16. Rad1 Nc7 17. Qe3 Kf8 18. h3 Kg8 19. Bd3 Bxd3 20. Rxd3 e5 21. Bh2 Qf5
22. Rdd1 Rh5 23. dxe5 Rxd1 24. Rxd1 fxe5 25. Qxa7 Ne6 26. Qxb7 e4 27. Nxh4 Rxh4
28. Bg3 Rxh3 29. Qc8+ Kh7 30. gxh3 e3 31. Re1 exf2+ 32. Bxf2 Qf3 33. Rxe6 fxe6
34. Qxe6 Bxb2 35. a6 Qd1+ 36. Kg2 Qd8 37. Qf5+ Kg8 38. Qg4+ Kf7 39. a7 Qa8 40.
h4 Bf6 41. Qd7+ Kg6 42. h5+ Kxh5 43. Qf5+ Bg5 44. Be3 1-0

[Event "Weekend Accademia A Inverno"]
[Site "Roma ITA"]
[Date "2007.02.03"]
[Round "2"]
[White "Verrascina, Nicola"]
[Black "Parpinel, Marco"]
[Result "1/2-1/2"]
[WhiteElo "1993"]
[BlackElo "2097"]
[PlyCount "83"]
[EventDate "2007.02.02"]

1. e4 Nc6 2. d4 d5 3. e5 f6 4. f4 Bf5 5. Nf3 e6 6. Be2 Be4 7. Nbd2 Nb4 8. O-O
Bxc2 9. Qe1 Be4 10. Bd1 Bd3 11. Rf2 Ba6 12. exf6 Qxf6 13. Ne5 Bd6 14. Ndf3 Ne7
15. Ng5 h6 16. Ngf7 Nd3 17. Ba4+ Kf8 18. Nxd3 Kxf7 19. Ne5+ Kg8 20. Ng4 Qg6 21.
Bd7 Kh7 22. Qxe6 Rhf8 23. Qxg6+ Kxg6 24. Ne5+ Kh7 25. Bd2 Rad8 26. Ba4 Kg8 27.
Bc2 Nf5 28. Bb3 Bxe5 29. dxe5 c5 30. Bc3 c4 31. Bc2 d4 32. Bxf5 Rxf5 33. Rd1 d3
34. g4 Rff8 35. f5 b6 36. Rf3 Bb7 37. Re3 Bc6 38. Rd2 a5 39. e6 Ra8 40. Be5 b5
41. Kf2 Ra6 42. Kg3 1/2-1/2

[Event "Weekend Accademia A Inverno"]
[Site "Roma ITA"]
[Date "2007.02.03"]
[Round "2"]
[White "Vignato, Giovanni"]
[Black "Barth, Norbert"]
[Result "0-1"]
[WhiteElo "2071"]
[BlackElo "2259"]
[PlyCount "42"]
[EventDate "2007.02.02"]

1. e4 d5 2. exd5 Qxd5 3. Nf3 Bg4 4. Be2 Nc6 5. d4 O-O-O 6. c4 Qf5 7. Be3 Nf6 8.
h3 Bxf3 9. Bxf3 Nxd4 10. Bxd4 Qe6+ 11. Be2 Qe4 12. Qa4 Qxd4 13. O-O e6 14. Nc3
c6 15. Rfc1 Bc5 16. b4 Qxf2+ 17. Kh1 Bd4 18. Bf3 Be5 19. b5 Rd3 20. c5 Qg3 21.
Kg1 Rxf3 0-1

[Event "Weekend Accademia A Inverno"]
[Site "Roma ITA"]
[Date "2007.02.03"]
[Round "3"]
[White "Barth, Norbert"]
[Black "Bove, Alessandro"]
[Result "0-1"]
[WhiteElo "2259"]
[BlackElo "2087"]
[PlyCount "28"]
[EventDate "2007.02.02"]

1. e4 c5 2. Nf3 e6 3. d4 cxd4 4. Nxd4 a6 5. Bd3 Qc7 6. O-O Nc6 7. Nxc6 dxc6 8.
Nd2 Nf6 9. Nc4 b5 10. Nd2 Bd6 11. Nf3 c5 12. Re1 c4 13. Bf1 Ng4 14. h3 Bh2+ 0-1

[Event "Weekend Accademia A Inverno"]
[Site "Roma ITA"]
[Date "2007.02.03"]
[Round "3"]
[White "Campomori, Bruno"]
[Black "Verrascina, Nicola"]
[Result "0-1"]
[WhiteElo "2027"]
[BlackElo "1993"]
[PlyCount "56"]
[EventDate "2007.02.02"]

1. f4 e5 2. e4 Qh4+ 3. g3 Qe7 4. Nc3 exf4 5. Bg2 Nf6 6. d4 fxg3 7. hxg3 d6 8.
Bg5 c6 9. Qd3 Bg4 10. Nf3 Nbd7 11. O-O-O h6 12. Rde1 Bxf3 13. Qxf3 O-O-O 14. e5
dxe5 15. dxe5 hxg5 16. Rxh8 Nxe5 17. Qf5+ Nfd7 18. Bh3 Nd3+ 19. cxd3 Qxe1+ 20.
Kc2 Qe7 21. Ne4 f6 22. Qa5 Kb8 23. Bf5 Ne5 24. Nc3 g6 25. Be4 f5 26. Rh7 Qd6
27. Nb5 Qc5+ 28. Kb1 Qb6 0-1

[Event "Weekend Accademia A Inverno"]
[Site "Roma ITA"]
[Date "2007.02.03"]
[Round "3"]
[White "Casale, Anania"]
[Black "De Carolis, Massimo"]
[Result "1/2-1/2"]
[WhiteElo "1724"]
[BlackElo "2015"]
[PlyCount "89"]
[EventDate "2007.02.02"]

1. d4 Nf6 2. c4 g6 3. Nc3 Bg7 4. e4 d6 5. f3 O-O 6. Be3 e5 7. d5 Nh5 8. Qd2 f5
9. Bg5 Bf6 10. Bxf6 Qxf6 11. O-O-O f4 12. Be2 Na6 13. Nb5 Rd8 14. Qe1 c6 15.
dxc6 bxc6 16. Nc3 Be6 17. g4 Ng7 18. h4 Qf7 19. b3 Nc7 20. Nh3 h6 21. Qf2 d5
22. exd5 cxd5 23. Ng5 hxg5 24. hxg5 Qe7 25. Qh4 Qa3+ 26. Kc2 d4 27. Qh7+ Kf7
28. Bd3 Qf8 29. Qxg6+ Ke7 30. Rh7 Nce8 31. Bf5 Qf7 32. Nd5+ Bxd5 33. cxd5 Qxg6
34. Bxg6 Kd6 35. Be4 Rac8+ 36. Kb2 Rc7 37. Rc1 Rxc1 38. Kxc1 Rd7 39. Rh6+ Kc5
40. Rc6+ Kb4 41. Kb2 Rd6 42. a3+ Ka5 43. b4+ Ka4 44. Bc2+ Kb5 45. Bd3+ 1/2-1/2